000 01714nam0a2200397 4500
001 RU\NLR\BIBL_A\012485492
005 20210524114756.0
010 _a978-5-00169-301-7
_93000
021 _aRU
_bАЛ-П-20-00970и
_9АЛ-П-20-0187
035 _a(NLR Aleph) 012485492
035 _a(RuMoRGB)010530710
090 _a12153994
_c12153994
100 _a20210325d2021 d y0rusy50 ca
101 1 _arus
_ceng
102 _aRU
105 _aa|||t|||000ay
181 0 _ai2
_baxxe
181 0 _ab3
_baxxe
182 0 _an
200 1 _aБерегитесь, великаны!
_e[комикс
_eдля среднего школьного возраста]
_fХорхе Агирре
_gсценаристы Рафаэль Росадо, Хорхе Агирре
_g[перевод с английского Анны Тихоновой]
_gхудожник Рафаэль Росадо
203 _aТекст
_aИзображение
_bвизуальные
_cнепосредственные
210 _aМосква
_cМанн, Иванов и Фербер
_d2021 [т.е. 2020]
215 _a205, [3] с.
_cцв. ил.
_d25
300 _aНа обл. и корешке авт.: Рафаэль Ромадо, Хорхе Агирре
300 _aФактическая дата выхода в свет - 2020
333 _a6+
686 0 _aШ9(7США)62-4
686 0 _aЩ153(7США)6-475
700 1 _7ca
_8rus
_aАгирре
_bХ.
_gХорхе
_9230061
_3RU\NLR\AUTH\770230117
702 1 _aРосадо
_bР.
_gРафаэль
_4440
942 _cBOOK
980 _aNB